إستثمار الإبداع في عالم الأعمال من الفكرة إلى المنتج / (رقم التسجيلة. 34973)

تفاصيل مارك
000 -LEADER
fixed length control field 00771nam a22002177a 4500
005 - DATE AND TIME OF LATEST TRANSACTION
control field 20251108165926.0
008 - FIXED-LENGTH DATA ELEMENTS--GENERAL INFORMATION
fixed length control field 250721s2000 xx 000 0 ara d
082 14 - DEWEY DECIMAL CLASSIFICATION NUMBER
Classification number 658.8/است
100 1# - MAIN ENTRY--PERSONAL NAME
Personal name ميتر، بول
245 10 - TITLE STATEMENT
Title إستثمار الإبداع في عالم الأعمال من الفكرة إلى المنتج /
264 1# - PRODUCTION, PUBLICATION, DISTRIBUTION, MANUFACTURE, AND COPYRIGHT NOTICE
Place of production, publication, distribution, manufacture دمشق :
Name of producer, publisher, distributor, manufacturer دار الرضا،
Date of production, publication, distribution, manufacture, or copyright notice 2000.
300 ## - PHYSICAL DESCRIPTION
Extent 285ص
490 0# - SERIES STATEMENT
Series statement سلسلة الرضا للنشر ؛53
500 ## - GENERAL NOTE
General note كتاب أبو علندا الذي يحمل رقم باركود pld00060889 له رقم متسلسل وهو مكرر
650 17 - SUBJECT ADDED ENTRY--TOPICAL TERM
Topical term or geographic name as entry element التسويق
650 17 - SUBJECT ADDED ENTRY--TOPICAL TERM
Topical term or geographic name as entry element المستهلك
700 1# - ADDED ENTRY--PERSONAL NAME
Personal name ميجل، جاك
700 1# - ADDED ENTRY--PERSONAL NAME
Personal name علي، حسين
Relator term ترجمة
942 ## - ADDED ENTRY ELEMENTS (KOHA)
Source of classification or shelving scheme Dewey Decimal Classification
Koha item type كتب
المقتنيات
حالة السحب حالة الفقدان مصدر التصنيف حالة التلف غير قابل للإعارة المكتبة الرئيسية المكتبة الحالية موقع الرف تاريخ التزويد الرقم المتسلسل Total Checkouts رقم الإستدعاء الباركود تاريخ آخر ظهور تاريخ الفاتورة نوع المادة (كوها)
    Dewey Decimal Classification     مكتبة أبو علندا العامة مكتبة أبو علندا العامة الإعارة 04/01/2009     658.8/است PLD00060889 28/07/2025 04/01/2009 كتب
    Dewey Decimal Classification     مكتبة أم قصير والمقابلين العامة مكتبة أم قصير والمقابلين العامة الإعارة 22/08/2014 437649   658.8/است PLD00341237 28/07/2025 22/08/2014 كتب
    Dewey Decimal Classification     مكتبة الأميرة ايمان العامة مكتبة الأميرة ايمان العامة الإعارة 06/07/2004 437641   658.8/است 437641 28/07/2025 06/07/2004 كتب
    Dewey Decimal Classification Unchecked   مكتبة الاميرة بديعة مكتبة الاميرة بديعة الإعارة 06/07/2004 437644   658.8/است   28/07/2025 06/07/2004 كتب
    Dewey Decimal Classification Unchecked   مكتبة حمزة العامة مكتبة حمزة العامة الإعارة 06/07/2004 437647   658.8/است   28/07/2025 06/07/2004 كتب
    Dewey Decimal Classification     مكتبة صويلح العامة مكتبة صويلح العامة الإعارة 21/06/2019 437642   658.8/است PLD00454675 28/07/2025 21/06/2019 كتب
    Dewey Decimal Classification     مكتبة وادي السير العامة مكتبة وادي السير العامة الإعارة 06/07/2004 437651   658.8/است 437651 28/07/2025 06/07/2004 كتب
Implemented & Customized by: BBB with SCIT (Smart Chains for Information Technology)

Powered by Koha